000 00428nam a22001817a 4500
003 MPLRDC
005 20220104124611.0
008 210129b ||||| |||| 00| 0 eng d
020 _a9971-54-735-X
082 _a859.4 YNTH v.4
100 _a不详
245 _a小黑遇虎记
_c
260 _a
_b南方印刷出版有限公司
_c
300 _b
490 _a幼年童话;4
650 _a
942 _cBK
_o859.4 YNTH v.4
999 _c20636
_d20626